000 00655nam a2200229Ia 4500
003 OSt
005 20220918202618.0
006 a|||||r|||| 00| 0
007 ta
008 220917b |||||||| |||| 00| 0 eng d
024 _a102,553
037 _cTextual
040 _aARTS
_cARTS
_beng
041 _2eng
_aeng
082 _aV26112:51.N47<-N25, M2
100 _aYoung
_9104608
245 0 _aNagas struggle aginst the British rule under Jadonang and Rani Gaidinliu 1925-47
260 _aKohima
_bLeno Printing
_c1982
650 _aHISTORY
942 _hV26112:51.N47<-N25, M2
_cTEXL
_2CC
999 _c226007
_d226007